Detalles MARC
| 000 -LIDER |
| fixed length control field |
00970nam a2200301 4500 |
| 001 - NÚMERO DE CONTROL |
| Identificador de número de control |
191826 |
| 003 - IDENTIFICACDOR DE NÚMERO DE CONTROL |
| control field |
DO-SdBNP |
| 005 - DATE AND TIME OF LATEST TRANSACTION |
| control field |
20241014133253.0 |
| 007 - CAMPOS FIJOS DE DESCRIPCIÓN FÍSICA |
| fixed length control field |
191826 |
| 008 - ELEMENTOS DE LONGITUD FIJA |
| fixed length control field |
870818s1986 sp a spa |
| 020 ## - ISBN |
| International Standard Book Number |
8476347596 |
| 040 ## - FUENTE DE CATALOGACIÓN |
| Agencia que crea de manera original el registro |
BPMSU |
| Idioma de catalogación |
spa |
| Agencia que realiza la transcripción |
BPMSU |
| 082 #4 - NÚMERO DE CLASIFICACIÓN DECIMAL DE DEWEY |
| Classification number |
843.8 |
| Item number |
V531J 1986 |
| Edition number |
22 |
| 100 1# - ASIENTO PRINCIPAL -- NOMBRE PERSONAL |
| Nombre personal |
Verne, Julio, |
| Fechas asociadas con el nombre |
1828-1905 |
| 245 10 - MENCIÓN DE TITULO |
| Título |
Julio Verne : |
| Subtítulo |
Los hijos del capitán Grant en el océano Pacífico/ |
| Mención de responsabilidad |
Julio Verne ; traducción, D.A. Ribot y Fontseré |
| 260 ## - PUBLICACIÓN, DISTRIBUCIÓN, ETC. (PIE DE IMPRENTA) |
| Lugar de publicación, distribución, etc |
Barcelona : |
| Nombre del editor, distribuidor, etc. |
Ediciones Orbis, |
| Fecha de publicación, distribución, etc |
1986 |
| 300 ## - DESCRIPCIÓN FÍSICA |
| Extensión |
222 p. : |
| Otros detalles físicos |
il. ; |
| Dimensiones |
20 cm. |
| 490 0# - MENCIÓN DE SERIES |
| Mención de serie |
Julio Verne, |
| Volume/sequential designation |
15 |
| 500 ## - NOTA GENERAL |
| Nota general |
|
| 534 ## - NOTA SOBRE LA VERSIÓN ORIGINAL |
| Frase introductoria |
Título original : |
| Mención del título original |
Les enfants du capitaine Grant. Océan Pacifique. |
| 590 ## - NOTA LOCAL |
| Texto de la nota local |
Inventariado, 2024/VM |
| 650 #4 - ENCABEZAMIENTO DE MATERIA--TEMÁTICO |
| Término temático o nombre geográfico como elemento de entrada |
Novela junvenil francesa |
| 650 #4 - ENCABEZAMIENTO DE MATERIA--TEMÁTICO |
| Término temático o nombre geográfico como elemento de entrada |
Literatura juvenil francesa |
| 700 1# - ASIENTO SECUNDARIO -- NOMBRE PERSONAL |
| Nombre personal |
Ribot y Fontseré, Antonio |
| Término de relación |
traductor |
| 910 ## - VALIDACIÓN |
| Validación |
VMateo V. Control de calidad BPMSU |
| 942 ## - ADDED ENTRY ELEMENTS (KOHA) |
| Source of classification or shelving scheme |
Dewey Decimal Classification |
| Koha item type |
Libros |
| 956 ## - LOCAL ELECTRONIC LOCATION AND ACCESS (OCLC) |
| Nombre de host |
|